Getafe Scorers in Liga 2019-20 - Statistics

General Stats
  • This quiz has been taken 23 times
  • The average score is 7 of 14
Answer Stats
Player Goals % Correct
Jaime Mata 11
85%
Jorge Molina 5
70%
Mauro Arambarri 1
70%
Damián Suárez 1
60%
Nemanja Maksimović 2
60%
Ángel Rodríguez 10
55%
Marc Cucurella 1
55%
Allan Nyom 2
40%
Kenedy 1
35%
Leandro Cabrera 2
35%
David Timor 3
30%
Jason 1
25%
Hugo Duro 1
15%
Oghenekaro Etebo 1
15%
No matching quizzes found
Score Distribution
Percent of People with Each Score
Percentile by Number Answered
Your Score History
You have not taken this quiz